000 00860nam a22002893a 4500
001 21574
003 BD-RjUL
005 20211209000713.0
008 140304r20052002ii | |||||||0|0 eng|d
020 _a8173193967
035 _aBD-RjUL)21638
040 _aUK-WkNB
_beng
_cUK-WkNB
_dBD-RjUL
041 _aeng
082 0 4 _a515.35
_bRAC 2005
100 1 _aRai, B.
_966635
245 1 2 _aA Course in ordinary differential equations /
_cB. Rai, D.P. Choudhury, H. I. Freedman.
260 _aNew Delhi :
_bNarosha Publishing House,
_cc2002 [Reprinted 2005]
300 _axi,463p. ;
_c24cm.
500 _aHardback.
504 _aIncludes Index
650 0 _a Differential equations.
_966636
700 1 _aChoudhury, D.P.
_966637
700 1 _aFreedman, H. I.
_966638
942 _2ddc
_cBK
_01
980 _g1
_f1/2854629
981 _dAgency file oxf2013-15.1
999 _c21574
_d21574